| 000 | 00463 a2200181 4500 | ||
|---|---|---|---|
| 001 | 066263 | ||
| 003 | OSt | ||
| 005 | 20211018105124.0 | ||
| 008 | |||
| 082 |
_a515.7 _bK88I |
||
| 100 | 1 | _aKreyszig, Erwin | |
| 245 | 1 |
_aIntroductory functional analysis with applications _cby Erwin Kreyszig |
|
| 260 |
_aNew Delhi _bWiley _c2007 |
||
| 300 | _a688p. | ||
| 630 | _aMathematics | ||
| 690 | _aFunctional analysis | ||
| 942 |
_2ddc _cBK |
||
| 999 |
_c385 _d385 |
||